Can You Name Every Coaster to Ever exist at Six Flags Great America? - Statistics

General Stats
  • This quiz has been taken 28 times
  • The average score is 16 of 23
Answer Stats
Hint Answer % Correct
1992 Batman The Ride
92%
1995 Viper
88%
1981 American Eagle
85%
2014 Goliath
85%
1999 Raging Bull
85%
1976 Whizzer
85%
2017 Joker
81%
2019 Maxx Force
81%
2012 X Flight
81%
1976 Demon
73%
2010 Little Dipper
73%
1988 Shockwave
73%
1990 Iron Wolf
69%
2003 Superman Ultimate Flight
69%
2008 Dark Knight
65%
1998 Sprocket Rockets
58%
2001 Deja Vu
54%
2004 Ragin Cajun
54%
1985 Z Force
54%
2001 Flash: Vertical Velocity
42%
1976 Gulf Coaster
42%
1989 Rolling Thunder
42%
1978 Tidal Wave
42%
No matching quizzes found
Score Distribution
Percent of People with Each Score
Percentile by Number Answered
Your Score History
You have not taken this quiz